TV Surnames: Odd One Out Quiz Stats

 Plays Quiz Updated Feb 25, 2018

Score 0/20 Timer 05:00
6 Plays Today
Question Answer Wrong Answers
Friends Dorian
89.8%
Green
1.7%
Geller
1.7%
Bing
2.2%
Seinfeld Tribbiani
87.4%
Costanza
2%
Seinfeld
1.4%
Benes
4.7%
The Big Bang Theory Ehrmantraut
83.5%
Cooper
3.8%
Hofstadter
4.3%
Wolowitz
3.7%
Cheers Halpert
77.7%
Malone
4.2%
Chambers
5.7%
Clavin
7.6%
Game of Thrones Kramer
76.6%
Bolton
12.1%
Lannister
3.1%
Baratheon
3.2%
The Simpsons Tully
71.8%
Szyslak
17.4%
Wiggum
4.5%
Flanders
1.6%
How I Met Your Mother Brannigan
71%
Scherbatsky
12.6%
Mosby
7.9%
Stinson
3.7%
Frasier Aldrin
70%
Crane
2.5%
Moon
13.3%
Doyle
9.2%
Breaking Bad Nylund
67.5%
White
3.5%
Pinkman
8.8%
Goodman
14.9%
The Office Perkins
62.7%
Schrute
8.1%
Beesly
19.1%
Scott
5%
The Golden Girls Oswald
60.3%
Devereaux
5.6%
Zbornak
18.5%
Petrillo
10.6%
Brooklyn Nine-Nine Sipowicz
59.1%
Peralta
8.4%
Holt
11.3%
Jeffords
15.7%
Family Guy Chesterton
57.2%
Griffin
2.3%
Quagmire
7.6%
Swanson
27.9%
Futurama Rostenkowski
56.2%
Fry
8.1%
Conrad
19.6%
Farnsworth
10.6%
Parks and Recreation Palmer
53.9%
Swanson
10.1%
Knope
10.1%
Haverford
20.6%
Doctor Who Peletier
47.2%
Tyler
16.7%
Pond
16.3%
Noble
14.2%
Desperate Housewives Winchester
45.2%
Van de Kamp
13.9%
Mayer
14.5%
Solis
20.9%
The Walking Dead Peterson
42%
Grimes
12%
Dixon
13.7%
Greene
26.8%
Twin Peaks Britt
36%
Cooper
15.3%
Horne
17.6%
Truman
25.5%
Scrubs Santiago
28.6%
Kelso
24.7%
Quinlan
18.2%
Buckland
23.1%

You're not logged in!

Compare scores with friends on all Sporcle quizzes.
OR
Log In

Sporcle TV

Today on Sporcle TV


Watch our educational content, quiz creation guides, and fun videos on Sporcle TV.

Show Comments

Extras

Top Quizzes Today


Score Distribution

Your Account Isn't Verified!

In order to create a playlist on Sporcle, you need to verify the email address you used during registration. Go to your Sporcle Settings to finish the process.

Report this User

Report this user for behavior that violates our Community Guidelines.

Details: